000 004220000a22001690004500
003 LK-CoMWRAF
008 230817t ||||| |||| 00| 0 eng d
040 _aLK-CoMWRAF
_dLK-CoMWRAF
_eLK-CoMWRAF
041 _aeng
082 _a750
_bIMA
100 _aImayavarampan
245 _aSuyanirnaya urimaiyil muslimkal malaiyaka makkal
_b
260 _aMadras
_bPPV
_c1994
300 _ap.58
650 _aSri lanka
942 _cBK
999 _c2804
_d2804